000 00335nam a2200145Ia 4500
100 _aFinkel/ Rapheal A
942 _cBK
654 _aAdvanced Computer
245 _aAdvanced Programming lang Design
260 _bAddison Wesley Pub
_aNew york
_c1995
082 _a5.13
_bFIN
300 _a480
546 _aENGLISH
999 _c25690
_d25690